Random Spanish Phrases - Statistics

General Stats
  • This quiz has been taken 107 times
  • The average score is 11 of 16
Answer Stats
Question Tile Select % Correct
Soñé contigo I see you No
97%
¿Te apuntas? Do you need it? No
96%
Hacerse cargo Talk about No
90%
Tal dìa como hoy Such in this day No
88%
Hacerse cargo Go in No
84%
Soñé contigo Sing with you No
81%
Tal dìa como hoy What a day No
76%
Hacerse cargo Do cardio No
71%
¿Te apuntas? Are you alright? No
70%
Soñé contigo I stand with you No
67%
¿Te apuntas? Is it bothering you? No
60%
Hacerse cargo Take on Yes
53%
Soñé contigo I dreamed about you Yes
52%
Tal dìa como hoy A day like this No
40%
¿Te apuntas? Do you join us? Yes
36%
Tal dìa como hoy On this day Yes
13%
No matching quizzes found
Score Distribution
Percent of People with Each Score
Percentile by Number Answered
Your Score History
You have not taken this quiz